| 000 | 00611nam a22002057a 4500 | ||
|---|---|---|---|
| 010 | _aENG-109556 | ||
| 020 |
_c225.00 _a9789351343042 |
||
| 020 |
_c225.00 _a9351343049 |
||
| 035 | _aEN-93089 | ||
| 037 | _bDBAD/PUB | ||
| 082 | _a005.4469 | ||
| 100 | _aVandome, Nick | ||
| 245 | 0 | 0 |
_aWindows 8 in easy steps / _cby Nick Vandome |
| 260 |
_aNew Delhi _bMcGraw Hill Education _c2013 |
||
| 270 |
_aP-24, Green Park Extn. _bNew Delhi _e110016 |
||
| 300 |
_a240p. : _c24cm(pbk) _bill. |
||
| 500 | _aIncludes index | ||
| 650 | _aOperating systems (Computers) | ||
| 942 |
_2ddc _cEN _mVAN _h005.4469 |
||
| 999 |
_c83023 _d83023 |
||